| 000 | 00536nam a22001697a 4500 | ||
|---|---|---|---|
| 005 | 20170213090758.0 | ||
| 008 | 170213b1985 mx ||||| |||| 00| 0 spa d | ||
| 020 | _a9684520271 | ||
| 050 | 0 | 4 |
_aKGF2579 _bA43 1985 |
| 100 | 1 |
_aAlcalá-Zamora y Castillo, Niceto, _eautor |
|
| 245 | 1 | 0 |
_aDerecho procesal mexicano / _cNiceto Alclá-Zamora y Castillo. |
| 250 | _aSegunda edición | ||
| 260 |
_aMéxico : _bPorrúa, _cc1985 |
||
| 300 |
_axxviii, 638 páginas ; _c23 cm. |
||
| 650 | 7 |
_2lemb _aProcedimiento civil _zMéxico |
|
| 942 |
_2lcc _cLIB |
||
| 999 |
_c127605 _d127605 |
||